• 首页
  • 本馆介绍
  • 公告通知
  • 最新文献
  • 馆藏检索
  • 电子资源
  • 读者导购
  • 参考咨询
  • 我的图书馆
  • 登录
  • 详细信息显示
  • 放入我的书架
  • 预约/预借图书
  • 作者相关作品
  • 分类相关作品
  • 丛书相关作品
  • 出版社相关作品

书目信息

  • 表格格式
  • 工作单格式
  • 卡片格式
题名:
世界现代设计简史
    
 
作者: 张夫也 编著
分册:  
出版信息: 北京   中国青年出版社  2013.07
页数: 273页
开本: 26cm
丛书名:
单 册:
中图分类: J509.1
科图分类:
主题词: 设计--工艺美术史--世界--高等学校--教材 , 设计 , 工艺美术史
电子资源:
ISBN: 978-7-5153-1608-6
000 01027nam0 2200301 450
001 012013124662
005 20130627154952.45
010    @a978-7-5153-1608-6@dCNY49.80
100    @a20130614d2013 em y0chiy0110 ea
101 0  @achi
102    @aCN@b110000
105    @aac z 000yy
106    @ar
200 1  @a世界现代设计简史@9shi jie xian dai she ji jian shi@dA history of modern design@f张夫也编著@zeng
210    @a北京@c中国青年出版社@d2013.07
215    @a273页@c图,照片,肖像@d26cm
300    @a中国高等院校“十二五”艺术设计基础理论规划教材
305    @a由著作权人授权
330    @a本书运用最新研究成果和研究方法,详细论述了不同国家与地区从工业革命时期至21世纪初,设计领域风格的变化和流派的传承。
333    @a设计从业人员
510 1  @aHistory of modern design@zeng
606 0  @a设计@x工艺美术史@y世界@x高等学校@j教材
606 0  @a设计
606 0  @a工艺美术史
690    @aJ509.1@v5
701  0 @a张夫也@9zhang fu ye@4编著
801  0 @aCN@b人天书店@c20130614
905    @b546800-03@dJ509.1@e324@f4
    
    世界现代设计简史=A history of modern design/张夫也编著.-北京:中国青年出版社,2013.07
    273页:图,照片,肖像;26cm
    中国高等院校“十二五”艺术设计基础理论规划教材.-使用对象:设计从业人员
    
    ISBN 978-7-5153-1608-6:CNY49.80
    本书运用最新研究成果和研究方法,详细论述了不同国家与地区从工业革命时期至21世纪初,设计领域风格的变化和流派的传承。
●
相关链接 在E读中查询图书 在五车中查询图书 在当当中查询图书 在豆瓣中查询图书


正题名:世界现代设计简史     索取号:J509.1/324         预约/预借

序号 登录号 条形码 馆藏地/架位号 状态 备注
1 546800   205468000   第一样本阅览室/ [索取号:J509.1/324] 在馆    
2 546801   205468019   第一借阅区/ [索取号:J509.1/324] 在馆    
3 546802   205468028   第一借阅区/ [索取号:J509.1/324] 在馆    
4 546803   205468037   第一借阅区/ [索取号:J509.1/324] 在馆    
唐山师范学院图书馆 欢迎您!
大连网信软件有限公司© 版权所有